000 00782nam a2200229Ii 4500
003 JO-AjNU
008 230605s9999||||xx |||||||||||||| ||und||
017 _a2004/18412
040 _aJO-AjNU
_bara
_erda
_cJO-AjNU
041 _aara
050 1 4 _aT58.6.S95.2005
100 3 _aالصيرفي،محمد,
_eauthor
_932799
245 0 0 _aنظم المعلومات الادارية
250 _aط1
264 3 1 _aالقاهرة:مؤسسة حورس الدولية ،2005
300 _a344ص
336 _atext
_btxt
_2rdacontent
337 _aunmediated
_bn
_2rdamedia
338 _avolume
_bnc
_2rdacarrier
490 0 _aسلسلة كتب المعارف الادارية المتاب والعشرون
650 4 _aنظم المعلومات الادارية -ادارة
_932800
999 _aA13282
_c16850
_d16850